Marginalidad y lucha de clases /
সংরক্ষণ করুন:
| প্রধান লেখক: | |
|---|---|
| বিন্যাস: | পাঠ্য |
| ভাষা: | Spanish |
| প্রকাশিত: |
Santiago, Chile :
|
| বিষয়গুলি: | |
| ট্যাগগুলো: |
ট্যাগ যুক্ত করুন
কোনো ট্যাগ নেই, প্রথমজন হিসাবে ট্যাগ করুন!
|
MARC
| LEADER | 00000 a a2200000 04500 | ||
|---|---|---|---|
| 001 | 17223 | ||
| 003 | cru CIDCACS/IIS | ||
| 005 | 20170901142043.0 | ||
| 008 | 170901b xxu||||| |||| 00| 0 spa d | ||
| 999 | |c 1651 |d 1651 | ||
| 020 | |a [sin ISBN] | ||
| 022 | |a [sin ISBN] | ||
| 040 | |c CIDCACS/IIS | ||
| 090 | |a 05.03.03 H468m | ||
| 100 | |a Hinkelammert, Franz J. | ||
| 245 | |a Marginalidad y lucha de clases / |c Franz Heinkelamert | ||
| 260 | |a Santiago, Chile : | ||
| 300 | |a Páginas 57-6 | ||
| 500 | |a Fotocopia de artículo publicado en la Revista Universidad y Desarrollo | ||
| 650 | |a LUCHA DE CLASES | ||
| 650 | |a TRABAJO | ||
| 650 | |a MARGINALIDAD | ||
| 942 | |2 ddc |c LI | ||
